[Event "ROM-ch U18 Girls"]
[Site "Calimanesti"]
[Date "2013.04.08"]
[Round "9"]
[White "Toma, Elena Adelaida"]
[Black "Serbanescu, Diana Maria"]
[Result "0-1"]
[WhiteElo "1688"]
[BlackElo "1925"]
[PlyCount "42"]
[EventDate "2013.04.02"]
[EventType "swiss"]
[EventRounds "9"]
[EventCountry "ROU"]
[SourceTitle "CBM 153 Extra"]
[Source "ChessBase"]
[SourceDate "2013.04.22"]
[SourceVersion "1"]
[SourceVersionDate "2013.04.22"]
[SourceQuality "1"]

1. d4 Nf6 2. c4 g6 3. Nc3 Bg7 4. e4 d6 5. Nf3 0-0 6. Be2 Nbd7 7. 0-0 e5 8. d5 Nc5 9. Qc2 a5 10. Be3 Ng4 11. Bxc5 dxc5 12. h3 Nh6 13. Ne1 Qe7 14. Rd1 Ra6 15. Nd3 f5 16. f3 Nf7 17. Kh2 Bh6 18. g4 Qh4 19. Rg1 fxg4 20. fxg4 Rf6 21. Bf1 Rxf1 0-1

[Event "ROM-ch (Women)"]
[Site "Baile Olanesti"]
[Date "2013.02.22"]
[Round "7"]
[White "Toma, Elena Adelaida"]
[Black "Moldovan, Petruta Alisia"]
[Result "0-1"]
[WhiteElo "1722"]
[BlackElo "1712"]
[PlyCount "48"]
[EventDate "2013.02.16"]
[EventType "swiss"]
[EventRounds "9"]
[EventCountry "ROU"]
[SourceTitle "CBM 153 Extra"]
[Source "ChessBase"]
[SourceDate "2013.04.22"]
[SourceVersion "1"]
[SourceVersionDate "2013.04.22"]
[SourceQuality "1"]

1. d4 d5 2. c4 dxc4 3. Nc3 a6 4. a4 Nc6 5. d5 Na5 6. e4 e6 7. Bd2 Nf6 8. Bg5 Be7 9. Nf3 exd5 10. Bxf6 Bxf6 11. e5 Be7 12. Qxd5 c6 13. Qxd8+ Bxd8 14. Nd2 Be6 15. Nce4 0-0 16. Nd6 b5 17. N2e4 Nb3 18. Rd1 Ba5+ 19. Nc3 f6 20. f4 fxe5 21. fxe5 Bf5 22. axb5 cxb5 23. Nxc4 Bc2 24. Nxa5 Bxd1 0-1

[Event "ROM-chTA (Women)"]
[Site "Olanesti"]
[Date "2012.10.??"]
[Round "4.1"]
[White "Popescu, Sabina"]
[Black "Toma, Elena Adelaida"]
[Result "1-0"]
[WhiteElo "1936"]
[BlackElo "1729"]
[PlyCount "111"]
[EventDate "2012.10.06"]
[EventType "team-tourn"]
[EventRounds "6"]
[EventCountry "ROU"]
[SourceTitle "EXT 2013"]
[Source "ChessBase"]
[SourceDate "2012.11.22"]
[SourceVersion "1"]
[SourceVersionDate "2012.11.22"]
[SourceQuality "1"]
[WhiteTeam "Bucharest Spartac (W)"]
[BlackTeam "Focsani (W)"]
[WhiteTeamCountry "ROU"]
[BlackTeamCountry "ROU"]

1. e4 d5 2. e5 c5 3. d3 Nc6 4. Nf3 Bg4 5. Nbd2 Qc7 6. c4 e6 7. Qa4 Nge7 8. cxd5 Nxd5 9. Qxg4 Nxe5 10. Nxe5 Qxe5+ 11. Qe4 Qc7 12. Be2 0-0-0 13. Nc4 Bd6 14. Nxd6+ Qxd6 15. Be3 f5 16. Qc4 Nxe3 17. fxe3 Kb8 18. 0-0-0 g6 19. Kb1 e5 20. Rc1 b6 21. Rhd1 Qd5 22. Qxd5 Rxd5 23. Bf3 Rd6 24. a3 Rhd8 25. Be2 a5 26. Rf1 R6d7 27. Rc4 Rf7 28. a4 Rfd7 29. h3 Re7 30. g4 f4 31. exf4 exf4 32. Re4 Rxe4 33. dxe4 g5 34. Kc2 Rd4 35. Rd1 Rxe4 36. Bb5 Re7 37. Rd6 Kc7 38. Rc6+ Kb7 39. Rf6 Kc7 40. b3 Kb7 41. Rf5 Rg7 42. Kd2 Kc7 43. Rf6 Re7 44. Bc4 Rd7+ 45. Ke2 Re7+ 46. Kf2 Rd7 47. Rf7 Rxf7 48. Bxf7 Kc6 49. Kf3 Kd6 50. Ke4 Ke7 51. Bg8 h6 52. Bc4 Kd6 53. Bg8 Ke7 54. Kf5 f3 55. Kg6 f2 56. Bc4 1-0

[Event "ROM-chTA (Women)"]
[Site "Olanesti"]
[Date "2012.10.??"]
[Round "1.1"]
[White "Toma, Elena Adelaida"]
[Black "Popescu, Sabina"]
[Result "0-1"]
[WhiteElo "1729"]
[BlackElo "1936"]
[PlyCount "106"]
[EventDate "2012.10.06"]
[EventType "team-tourn"]
[EventRounds "6"]
[EventCountry "ROU"]
[SourceTitle "EXT 2013"]
[Source "ChessBase"]
[SourceDate "2012.11.22"]
[SourceVersion "1"]
[SourceVersionDate "2012.11.22"]
[SourceQuality "1"]
[WhiteTeam "Focsani (W)"]
[BlackTeam "Bucharest Spartac (W)"]
[WhiteTeamCountry "ROU"]
[BlackTeamCountry "ROU"]

1. e4 g6 2. d4 Bg7 3. Nf3 d6 4. Be3 Nf6 5. Nbd2 Ng4 6. Bg5 h6 7. Bh4 c5 8. h3 Nf6 9. c3 0-0 10. Qc2 a6 11. Nb3 Qc7 12. Bg3 cxd4 13. Nbxd4 Nc6 14. Bd3 e5 15. Nxc6 bxc6 16. 0-0 Be6 17. Qe2 Qb6 18. Rfd1 Nh5 19. Bh2 a5 20. b3 Nf4 21. Bxf4 exf4 22. Rac1 a4 23. Bc4 axb3 24. axb3 Bxc4 25. Qxc4 Ra2 26. Rd2 Rfa8 27. Rxa2 Rxa2 28. Nd4 f3 29. Qxc6 Bxd4 30. cxd4 Qxd4 31. Rf1 fxg2 32. Kxg2 Re2 33. Qa8+ Kg7 34. Qd5 Rxe4 35. Qxd4+ Rxd4 36. Re1 Kf6 37. Re3 d5 38. Rf3+ Ke6 39. Re3+ Kd6 40. Rc3 Rb4 41. f3 Rb7 42. Kf2 Ke5 43. Rd3 d4 44. Ke2 g5 45. Kf2 f5 46. Ke2 h5 47. Kf2 Rc7 48. Ke2 Rc2+ 49. Rd2 Rc3 50. Rd3 h4 51. b4 Rxd3 52. Kxd3 g4 53. fxg4 fxg4 0-1